00285nam a22001217a 4500003000400000005001700004008004100021020001800062040000800080082001500088100001800103245004200121OSt20220204154350.0220204b |||||||| |||| 00| 0 eng d a9788131705339 cH U 22eda621.8 aNorton Robert aMachine Design An Integrated Approach